Normal view
MARC view
- MAMATHA PRABHAKAR
Entry Personal Name
001 - CONTROL NUMBER
- control field: 5507
003 - CONTROL NUMBER IDENTIFIER
- control field: OSt
005 - DATE AND TIME OF LATEST TRANSACTION
- control field: 20230715104620.0
008 - FIXED-LENGTH DATA ELEMENTS
- fixed length control field: 230715|| aca||aabn | a|a d
040 ## - CATALOGING SOURCE
- Original cataloging agency: OSt
- Transcribing agency: OSt
100 ## - HEADING--PERSONAL NAME
- Personal name: MAMATHA PRABHAKAR
670 ## - SOURCE DATA FOUND
- Source citation: Work cat.: (OSt)17726: MAMATHA PRABHAKAR, SWAT-MODFLOW INTEGRATED MODELLING APPROACH FOR SURFACE WATER-GROUNDWATER INTERACTION -A CASE STUDY , 2023
